[Event "Olympiad-44"]
[Site "Chennai"]
[Date "2022.08.07"]
[Round "9.4"]
[White "Rajerison, Mananihaja Charly"]
[Black "Al Harazy, Khalid"]
[Result "0-1"]
[WhiteElo "1912"]
[BlackElo "2149"]
[PlyCount "110"]
[EventDate "2022.07.29"]
[EventType "team-swiss"]
[EventRounds "11"]
[EventCountry "IND"]
[SourceTitle "CBM 210"]
[Source "ChessBase"]
[SourceDate "2022.10.31"]
[SourceVersion "1"]
[SourceVersionDate "2022.10.31"]
[SourceQuality "1"]
[WhiteTeam "Madagascar"]
[BlackTeam "Yemen"]
[WhiteTeamCountry "MAD"]
[BlackTeamCountry "YEM"]

1. e4 e5 2. Nf3 Nc6 3. Bc4 Bc5 4. c3 Nf6 5. d3 d6 6. Nbd2 h6 7. a4 a5 8. h3 0-0 9. Qe2 Be6 10. g3 Qc8 11. g4 d5 12. exd5 Nxd5 13. Ne4 Be7 14. Rg1 f6 15. Nh4 Qd7 16. Nf5 Rad8 17. h4 Nf4 18. Bxe6+ Nxe6 19. Rg3 Nf4 20. Bxf4 exf4 21. Rg1 Qxd3 22. Nxe7+ Nxe7 23. Qxd3 Rxd3 24. Nc5 Rd5 25. Nb3 Ng6 26. Rh1 Re8+ 27. Kf1 Ne5 28. Re1 Red8 29. g5 fxg5 30. hxg5 hxg5 31. Nd4 Kf7 32. Rg1 Rxd4 33. Rxe5 Rd1+ 34. Re1 Kf6 35. Kg2 Rxe1 36. Rxe1 Rd2 37. Rb1 g4 38. b4 axb4 39. Rxb4 g5 40. Kg1 b6 41. Rc4 c5 42. a5 bxa5 43. Rxc5 a4 44. Ra5 Ra2 45. c4 a3 46. c5 f3 47. c6 Rc2 48. Rxa3 Rxc6 49. Ra2 Rc1+ 50. Kh2 Kg6 51. Ra6+ Kh5 52. Ra4 Rf1 53. Ra2 Kh4 54. Ra8 Rxf2+ 55. Kg1 g3 0-1

[Event "MAD olympic qual"]
[Site "Antananarivo"]
[Date "2022.05.22"]
[Round "4"]
[White "Rajerison, Mananihaja Charly"]
[Black "Henikasina, Richard El Raza"]
[Result "1-0"]
[WhiteElo "1890"]
[BlackElo "1965"]
[PlyCount "91"]
[EventDate "2022.05.21"]
[EventType "tourn"]
[EventRounds "6"]
[EventCountry "MAD"]
[SourceTitle "EXT 2023"]
[Source "ChessBase"]
[SourceDate "2022.10.05"]
[SourceVersion "1"]
[SourceVersionDate "2022.10.05"]
[SourceQuality "1"]

1. e4 c5 2. Nf3 e6 3. d4 cxd4 4. Nxd4 Nf6 5. Nc3 d6 6. Bc4 Be7 7. Bb3 Nc6 8. 0-0 0-0 9. Kh1 a6 10. Bg5 d5 11. exd5 Nxd5 12. Nxc6 bxc6 13. Bxe7 Qxe7 14. Ne4 Rd8 15. Qf3 c5 16. Bxd5 Rxd5 17. Nc3 Rd8 18. Qxa8 Bb7 19. Nd5 exd5 20. Qa7 d4 21. f3 Qc7 22. b4 cxb4 23. Rad1 h6 24. Rfe1 Kh7 25. Re4 Qxc2 26. Ree1 Rd7 27. Qb6 d3 28. Qxb4 d2 29. Rf1 Bc6 30. Qb3 Ba4 31. Qxc2+ Bxc2 32. Kg1 f5 33. Kf2 Kg6 34. Ke3 Bxd1 35. Rxd1 Kf6 36. Rxd2 f4+ 37. Ke2 Rxd2+ 38. Kxd2 Ke5 39. Kc3 Kd5 40. Kb4 Kc6 41. a4 g5 42. h4 Kd5 43. hxg5 hxg5 44. Ka5 Kc5 45. Kxa6 Kc6 46. a5 1-0

[Event "MAD olympic qual"]
[Site "Antananarivo"]
[Date "2022.05.21"]
[Round "1"]
[White "Rajerison, Mananihaja Charly"]
[Black "Rakotomaharavo, Dylan"]
[Result "1-0"]
[WhiteElo "1890"]
[BlackElo "1936"]
[PlyCount "83"]
[EventDate "2022.05.21"]
[EventType "tourn"]
[EventRounds "6"]
[EventCountry "MAD"]
[SourceTitle "EXT 2023"]
[Source "ChessBase"]
[SourceDate "2022.10.05"]
[SourceVersion "1"]
[SourceVersionDate "2022.10.05"]
[SourceQuality "1"]

1. Nf3 d6 2. d4 Nf6 3. Nc3 Bf5 4. Bg5 Nbd7 5. e3 c6 6. Bd3 Bxd3 7. Qxd3 e5 8. dxe5 dxe5 9. 0-0-0 Qc7 10. Bxf6 Nxf6 11. Qf5 Bd6 12. Ng5 Rd8 13. Rd3 h6 14. Nge4 Nxe4 15. Nxe4 Be7 16. Rhd1 Rxd3 17. Rxd3 g6 18. Qg4 h5 19. Qh3 f5 20. Nc3 e4 21. Rd2 Kf7 22. f3 exf3 23. gxf3 Bc5 24. Rd3 Rd8 25. Qf1 Kg7 26. Nd1 Rxd3 27. Qxd3 Qd6 28. Qxd6 Bxd6 29. h3 g5 30. Kd2 Kf6 31. Ke2 Ke5 32. Nf2 f4 33. Nd3+ Kf5 34. e4+ Ke6 35. c4 b6 36. b4 a6 37. c5 bxc5 38. bxc5 Be5 39. Nb4 Bd4 40. Nxa6 Kd7 41. Kd3 Bf2 42. e5 1-0

[Event "Imerimanjaka-A"]
[Site "Imerimanjaka"]
[Date "2019.11.02"]
[Round "4"]
[White "Alisalama, Nirina Jean Michel"]
[Black "Rajerison, Mananihaja Charly"]
[Result "0-1"]
[WhiteElo "1853"]
[BlackElo "1791"]
[PlyCount "116"]
[EventDate "2019.11.01"]
[EventType "tourn"]
[EventRounds "9"]
[EventCountry "MAD"]
[SourceTitle "CBM 195 Extra"]
[Source "ChessBase"]
[SourceDate "2020.05.31"]
[SourceVersion "1"]
[SourceVersionDate "2020.05.31"]
[SourceQuality "1"]

1. e4 c5 2. Nf3 Nc6 3. Bc4 e6 4. Nc3 Nf6 5. 0-0 a6 6. a4 d5 7. exd5 exd5 8. Be2 d4 9. Nb1 Bd6 10. d3 h6 11. Nbd2 0-0 12. c3 Bc7 13. cxd4 cxd4 14. b3 Nd5 15. Bb2 Re8 16. Re1 Bf5 17. Nxd4 Nxd4 18. Bxd4 Bxh2+ 19. Kxh2 Qh4+ 20. Kg1 Qxd4 21. Nf3 Qf6 22. d4 Bg4 23. Ne5 Bxe2 24. Qxe2 Rac8 25. Qd2 Qf5 26. Nc4 Red8 27. Re5 Qg4 28. Rae1 Nf6 29. Rd1 Ne4 30. Qe1 Ng5 31. Re3 Rxd4 32. Rxd4 Qxd4 33. Re8+ Rxe8 34. Qxe8+ Kh7 35. Qe3 Qxe3 36. fxe3 Ne4 37. Na5 b6 38. Nc4 b5 39. axb5 axb5 40. Na3 Nd6 41. Kf2 Kg6 42. Kf3 Kf5 43. g4+ Ke5 44. Nc2 f5 45. gxf5 Nxf5 46. Na3 Nd6 47. Nc2 Ne4 48. Na3 Nd2+ 49. Ke2 Nxb3 50. Nxb5 g5 51. Nc3 h5 52. Nd1 Nc5 53. Kf3 Ne4 54. Nb2 g4+ 55. Kg2 h4 56. Nd3+ Kf5 57. Nf4 Ng5 58. Kf2 g3+ 0-1